Green building illustrated (Record no. 40725)

MARC details
000 -LEADER
fixed length control field 00461nam a2200193Ia 4500
020 ## - INTERNATIONAL STANDARD BOOK NUMBER
ISBN 9781118562376
050 ## - CALL MARK
Classification number TH 880 .C48/
100 ## - STATEMENT OF RESPONSIBILITY--MAIN AUTHOR NAME
Personal name Ching, Francis D. K.; Shapiro, Ian M.
245 #0 - TITLE STATEMENT
Title Green building illustrated
250 ## - EDITION / VOLUME STATEMENT
Edition / Volume statement 2nd ed.
260 ## - PUBLICATION, DISTRIBUTION, ETC. (IMPRINT)
Place of publication New Jersey
260 ## - PUBLICATION, DISTRIBUTION, ETC. (IMPRINT)
Name of publisher John Wiley
260 ## - PUBLICATION, DISTRIBUTION, ETC. (IMPRINT)
Year of publication 2014
300 ## - PHYSICAL DESCRIPTION
Number of Pages 279 p
650 ## - SUBJECT ADDED ENTRY--TOPICAL TERM
Topical Term New Jersey
942 ## - ADDED ENTRY ELEMENTS (KOHA)
Koha item type Books
Holdings
Withdrawn status Lost status Damaged status Not for loan Permanent Location Current Location Shelving location Date acquired Accession Number Price effective from Koha item type
        NILE UNIVERSITY OF NIGERIA - MAIN LIBRARY NILE UNIVERSITY OF NIGERIA - MAIN LIBRARY Items on shelf 06/03/2025 0196623 06/03/2025 Books
        NILE UNIVERSITY OF NIGERIA - MAIN LIBRARY NILE UNIVERSITY OF NIGERIA - MAIN LIBRARY Items on shelf 06/03/2025 0196624 06/03/2025 Books